000 00769nam a2200253Ia 4500
003 OSt
005 20220927105555.0
006 a|||||r|||| 00| 0
007 ta
008 220926b |||||||| |||| 00| 0 eng d
024 _a187665
037 _cReference Collections
040 _aRTL
_cRTL
_beng
041 _2eng
_aeng
082 _a"V1N45:933.N54r, J4.2A/UN"
110 _a"UNITED NATIONS,CHILDREN'S FUND"
_9360969
245 0 _aEconomic and social council official records
_b 18th session
260 _aNew
_bYork UN
_c1954
300 _a39p
_ccm.
500 _aSupplement no. 2A
700 _a"UNITED NATIONS,CHILDREN'S FUND"
_9360971
942 _h"V1N45:933.N54r, J4.2A/UN"
_cCC
999 _c693215
_d693215